Stati degli Stati Uniti senza sbocco sul mare - Morte improvvisa - Statistics

Statistiche generali
  • Questo quiz è stato fatto 375 volte
  • Il punteggio medio è 12 su 27
Answers on the Grid
Answers color-coded by a green-red scale on the quiz's grid according to % correct below.
Alabama
Alaska
Arizona
Arkansas
California
Colorado
Connecticut
Delaware
Florida
Georgia
Hawaii
Idaho
Illinois
Indiana
Iowa
Kansas
Kentucky
Louisiana
Maine
Maryland
Massachusetts
Michigan
Minnesota
Mississippi
Missouri
Montana
Nebraska
Nevada
New Hampshire
New Jersey
New York
Dakota del Nord
Carolina del Nord
Nuovo Mexico
Ohio
Oklahoma
Oregon
Pennsylvania
Rhode Island
Carolina del Sud
Dakota del Sud
Tennessee
Texas
Utah
Vermont
Virginia
Washington
Virginia Occidentale
Wisconsin
Wyoming
 
Statistiche sulle risposte
Risposta % Corretto
Utah
54%
Nevada
52%
Wyoming
51%
Indiana
50%
Ohio
50%
Dakota del Sud
49%
Idaho
49%
Colorado
48%
Dakota del Nord
48%
Kansas
48%
Kentucky
48%
Nebraska
48%
Arkansas
46%
Montana
45%
Oklahoma
45%
Arizona
44%
Iowa
43%
Illinois
42%
Minnesota
42%
Missouri
38%
Tennessee
38%
Wisconsin
38%
Michigan
36%
Virginia Occidentale
36%
Nuovo Mexico
33%
Pennsylvania
28%
Vermont
28%
Nessun quiz corrispondente trovato
Distribuzione punteggi
Percentuale di utenti per punteggio
Percentile per numero di risposta
I tuoi punteggi nel tempo
Non hai fatto questo quiz